书目信息 |
| 题名: |
建筑工程冬期施工规程 JGJ 104-97
|
|
| 作者: | 黑龙江省寒地建筑研究院 | |
| 分册: | ||
| 出版信息: | 北京 中国建筑工业出版社 1998.05 |
|
| 页数: | 143页 | |
| 开本: | 32开 | |
| 丛书名: | ||
| 单 册: | ||
| 中图分类: | TU742-65 | |
| 科图分类: | ||
| 主题词: | 建筑工程--工程施工--技术 | |
| 电子资源: | ||
| ISBN: | ||
| 000 | 00658nam0 2200193 45 | |
| 001 | 0003151151 | |
| 005 | 20010302161154.7 | |
| 010 | @d15.00元 | |
| 100 | @a20000315d1998 km y0chiy0120 ea | |
| 101 | @achi | |
| 105 | @a z 000yy | |
| 200 | 1 | @a建筑工程冬期施工规程 JGJ 104-97@AJian Zhu Gong Cheng Dong Qi Shi Gong Gui Cheng JGJ 104-97@f黑龙江省寒地建筑研究院@FHei Long Jiang Sheng Han Di Jian Zhu Yan Jiu Yuan |
| 210 | @a北京@c中国建筑工业出版社@d1998.05 | |
| 215 | @a143页@d32开 | |
| 606 | 0 | @a建筑工程@x工程施工@x技术 |
| 690 | @aTU742-65@v3 | |
| 701 | @a黑龙江省寒地建筑研究院 | |
| 801 | @aCN@bPftUser@c20000315 | |
| 905 | @dTU742-65@eH:349@b325689-693@f5 | |
| 建筑工程冬期施工规程 JGJ 104-97/黑龙江省寒地建筑研究院.-北京:中国建筑工业出版社,1998.05 |
| 143页;32开 |
| ISBN :15.00元 |
| ● |
| 相关链接 |
|
|
|
正题名:建筑工程冬期施工规程JGJ 104-97
索取号:TU742-65/H:349
 
预约/预借
| 序号 | 登录号 | 条形码 | 馆藏地/架位号 | 状态 | 备注 |
| 1 | 0048969 | 200489694 | 建筑库201/201建筑库 108排8列2层/ [索取号:TU742-65/H:349] | 在馆 | |
| 2 | 325689 | 203256895 | 土木与交通工程学院资料室/土木与交通学院资料室 1排1列1层/ [索取号:TU742-65/H:349] | 在馆 | |
| 3 | 325690 | 203256902 | 建筑库201/201建筑库 108排8列3层/ [索取号:TU742-65/H:349] | 在馆 | |
| 4 | 325691 | 203256911 | 自科二线404/201建筑库 108排8列3层/ [索取号:TU742-65/H:349] | 在馆 | |
| 5 | 325692 | 203256920 | 土木与交通工程学院资料室/土木与交通学院资料室 1排1列1层/ [索取号:TU742-65/H:349] | 在馆 | |
| 6 | 325693 | 203256939 | 自科二线404/404自科库 5排3列6层/ [索取号:TU742-65/H:349] | 在馆 | |
| 7 | 48967 | 200489676 | 土木与交通工程学院资料室/土木与交通学院资料室 1排1列1层/ [索取号:TU742-65/H:349] | 在馆 | |
| 8 | 48968 | 200489685 | 土木与交通工程学院资料室/土木与交通学院资料室 1排1列1层/ [索取号:TU742-65/H:349] | 在馆 |